[Event "Singapore op"]
[Site "Singapore"]
[Date "2004.12.17"]
[Round "8"]
[White "Iswana, Achyu"]
[Black "Zakaria, Mohd Fadli"]
[Result "1-0"]
[WhiteElo "2096"]
[BlackElo "2200"]
[PlyCount "91"]
[EventDate "2004.12.11"]
[EventType "swiss"]
[EventRounds "9"]
[EventCountry "SIN"]
[SourceTitle "CBM 103 Extra"]
[Source "ChessBase"]
[SourceDate "2005.01.01"]
[SourceVersion "1"]
[SourceVersionDate "2005.01.01"]
[SourceQuality "1"]

1. e4 e6 2. d4 d5 3. Nd2 c5 4. exd5 Qxd5 5. Ngf3 cxd4 6. Bc4 Qc5 7. 0-0 b5 8. Bd3 Nc6 9. Nb3 Qb6 10. Nbxd4 a6 11. Re1 Bb7 12. Be3 Bc5 13. Nf5 0-0-0 14. Ng3 Nf6 15. a4 Bxe3 16. Rxe3 Ng4 17. Re2 Nd4 18. Nxd4 Rxd4 19. axb5 axb5 20. h3 Nf6 21. Re5 Qc6 22. Qf1 Rhd8 23. Bxb5 Qd6 24. Re3 Nd5 25. Rb3 Nf4 26. Ba6 Bxa6 27. Qxa6+ Qxa6 28. Rxa6 h5 29. Ra8+ Kd7 30. Rb7+ Kc6 31. Rxd8 Rxd8 32. Rxf7 g5 33. Ne4 e5 34. g3 Nxh3+ 35. Kf1 Rd4 36. Rf6+ Kc7 37. f3 g4 38. c3 Rd1+ 39. Ke2 Rb1 40. b4 Ng1+ 41. Kd3 gxf3 42. Kc4 Re1 43. Rf7+ Kb8 44. Nc5 e4 45. b5 e3 46. b6 1-0

[Event "Japfa op"]
[Site "Bali"]
[Date "2000.05.05"]
[Round "3"]
[White "Villamayor, Buenaventura"]
[Black "Iswana, Achyu"]
[Result "1/2-1/2"]
[WhiteElo "2474"]
[BlackElo "2180"]
[PlyCount "64"]
[EventDate "2000.05.03"]
[EventType "swiss"]
[EventRounds "9"]
[EventCountry "INA"]
[SourceTitle "CBM 076 Extra"]
[Source "ChessBase"]
[SourceDate "2000.07.11"]
[SourceVersion "1"]
[SourceVersionDate "2000.07.11"]
[SourceQuality "1"]

1. Nf3 Nf6 2. c4 g6 3. Nc3 Bg7 4. d4 0-0 5. Bg5 d6 6. e3 Nbd7 7. Be2 c6 8. 0-0 a6 9. a4 a5 10. h3 h6 11. Bf4 Re8 12. Bh2 Qb6 13. Qc2 Nb8 14. e4 Na6 15. Rfe1 Nb4 16. Qd2 Nd7 17. Bf4 Kh7 18. Rad1 e5 19. Be3 Qc7 20. Bf1 exd4 21. Nxd4 Nc5 22. f3 Bd7 23. Qf2 Rad8 24. Rd2 Bc8 25. Red1 Qe7 26. Bf4 Be5 27. Be3 b6 28. Kh1 Bb7 29. Kg1 Bg7 30. Bf4 Be5 31. Be3 Bg7 32. Bf4 Be5 1/2-1/2